00929nam a22002417a 4500001001000000003000500010005001700015008004100032010001100073011001100084035001100095040000900106100004300115245018000158260004100338500006000379502007700439650002500516650003700541650002100578650002400599856006400623000105935CHAP20220329143826.0111018s2011 mx r 00010 spa d a102397 a103369 a114058 cCHAP1 aCórdova López, Isaías Marcelino.10aEvaluación de cultivares de jitomate tipo saladette en sistema semihidropónico bajo invernadero en Estipac, Jaliscoh[En línea]c/por Isaias Marcelino Córdova López. aChapingo, Méx. :bEl autor,c2011. aPara ver el contenido del material haga clic en la liga aTesis (Ing. Agr. Esp. en Fitotecnia) -- UACH. Departamento de Fitotecnia14aSistemas de cultivo.14aTomatexCultivos en invernadero.14aTomatexJalisco.14aTomatexVariedades. 3Finding aiduhttp://10.13.5.2/tesis/114058.pdfzTeclea aqui